Music Quiz

Random Music Quiz
Score 0/300 Timer 15:00
0 Plays Today
Hint Answer % Correct
I
99.4%
I
99.4%
I
99.4%
I
99.4%
I
99.4%
I
99.4%
I
99.4%
I
99.4%
I
99.4%
I
99.4%
a
98.3%
and
98.3%
And
98.3%
a
98.3%
the
98.3%
the
98.3%
and
98.3%
a
98.3%
a
98.3%
and
98.3%
a
98.3%
the
98.3%
the
98.3%
98.3%
a
98.3%
the
98.3%
the
98.3%
it
97.2%
it
97.2%
it
97.2%
it
97.2%
it
97.2%
It
97.2%
It
97.2%
It
97.2%
It
97.2%
it
97.2%
it
97.2%
it
97.2%
it
97.2%
It
97.2%
It
97.2%
It
97.2%
It
97.2%
it
97.2%
it
97.2%
it
97.2%
it
97.2%
it
97.2%
It
97.2%
it
97.2%
It
97.2%
It
97.2%
It
97.2%
It
97.2%
It
97.2%
It
97.2%
But
96.6%
But
96.6%
be
96.6%
But
96.6%
be
96.6%
been
96.6%
us
96.6%
been
96.6%
been
96.6%
been
96.6%
us
96.6%
been
96.6%
but
96.6%
been
96.6%
us
96.6%
us
96.6%
been
96.6%
us
96.6%
But
96.6%
been
96.6%
us
96.6%
been
96.6%
been
96.6%
been
96.6%
us
96.6%
been
96.6%
but
96.6%
been
96.6%
us
96.6%
us
96.6%
been
96.6%
us
96.6%
be
96.6%
But
96.6%
be
96.6%
been
96.6%
us
96.6%
been
96.6%
been
96.6%
been
96.6%
us
96.6%
been
96.6%
but
96.6%
Hint Answer % Correct
been
96.6%
us
96.6%
us
96.6%
been
96.6%
us
96.6%
should've
96.1%
should've
96.1%
should've
96.1%
should've
96.1%
should've
96.1%
should've
96.1%
should've
96.1%
should've
96.1%
should've
96.1%
should've
96.1%
should've
96.1%
should've
96.1%
we
93.8%
We
93.8%
we
93.8%
we
93.8%
we
93.8%
we
93.8%
We
93.8%
we
93.8%
perfect
93.3%
perfect
93.3%
perfect
93.3%
know
92.7%
know
92.7%
know
92.7%
know
92.7%
know
92.7%
know
92.7%
you
92.1%
You
92.1%
you
92.1%
fire
92.1%
you
92.1%
you
92.1%
You
92.1%
you
92.1%
fire
92.1%
fire
92.1%
my
91.6%
my
91.6%
my
91.6%
could
91.6%
could
91.6%
could
91.6%
could
91.6%
storm
91.6%
oh
91.6%
do
91.6%
my
91.6%
storm
91.6%
oh
91.6%
could
91.6%
could
91.6%
could
91.6%
could
91.6%
storm
91.6%
oh
91.6%
with
91%
with
91%
on
91%
on
91%
now
91%
Now
91%
now
91%
now
91%
for
90.4%
for
90.4%
for
90.4%
for
90.4%
for
90.4%
Walking
89.9%
down
89.9%
thing
88.8%
never
88.8%
were
88.8%
thing
88.8%
never
88.8%
were
88.8%
thing
88.8%
never
88.8%
were
88.8%
head
88.2%
can't
88.2%
high
88.2%
heels
88.2%
got
88.2%
got
88.2%
got
88.2%
got
88.2%
got
88.2%
got
88.2%
real
87.6%
crazy
87.6%
me
87.6%
Hint Answer % Correct
real
87.6%
crazy
87.6%
real
87.6%
crazy
87.6%
are
87.1%
sure
87.1%
baby
87.1%
are
87.1%
sure
87.1%
baby
87.1%
sure
87.1%
baby
87.1%
mine
86.5%
mine
86.5%
it's
86%
that
86%
It's
86%
that
86%
amazing
86%
That
86%
it's
86%
amazing
86%
amazing
86%
round
85.4%
these
85.4%
yours
85.4%
where
85.4%
tonight
85.4%
yours
85.4%
where
85.4%
tonight
85.4%
we'll
84.8%
we'll
84.8%
hide
84.3%
up
84.3%
up
84.3%
wonder
84.3%
wonder
84.3%
we'll
84.3%
both
83.1%
both
83.1%
both
83.1%
is
82.6%
mind
81.5%
heart
80.3%
different
79.8%
different
79.8%
different
79.8%
different
79.8%
messed
79.2%
still
78.7%
yeah
78.7%
still
78.7%
Thinking
77.5%
missed
77.5%
Thinking
77.5%
Thinking
77.5%
missed
77.5%
Thinking
77.5%
maybe
77%
maybe
77%
just
76.4%
care
74.2%
in
73%
Dressed
73%
crowd
71.9%
unfair
71.9%
then
69.7%
close
69.1%
eyes
69.1%
of
68%
when
68%
Even
67.4%
mad
66.9%
though
66.3%
drove
66.3%
pretend
66.3%
little
65.7%
like
65.2%
ya
65.2%
flame
64.6%
Downtown
64%
want
62.9%
Back
62.4%
back
62.4%
war
61.8%
all
61.8%
forth
61.2%
tug
61.2%
What's
61.2%
Coulda
59.6%
Coulda
59.6%
Coulda
59.6%
Shoulda
59%
shoulda
59%
Shoulda
59%
shoulda
59%
Shoulda
59%
shoulda
59%
thick
55.1%
Remove Ads.
Support Sporcle.
Get the best of Sporcle when you Go Orange. This ad-free experience offers more features, more stats, and more fun while also helping to support Sporcle. Thank you for becoming a member.

You're not logged in!

Compare scores with friends on all Sporcle quizzes.
OR
Log In

Show Comments

Extras

Created Aug 1, 2016ReportNominate
Tags:Kelly, tori

Top Quizzes Today


Score Distribution

Your Account Isn't Verified!

In order to create a playlist on Sporcle, you need to verify the email address you used during registration. Go to your Sporcle Settings to finish the process.

Report this User

Report this user for behavior that violates our Community Guidelines.

Details: